UBT Library

Pediatric anesthesia / (Record no. 41242)

000 -LEADER
fixed length control field 00614pam a2200229 a 4500
001 - CONTROL NUMBER
control field 1034644
005 - DATE AND TIME OF LATEST TRANSACTION
control field 20180130040344.0
008 - FIXED-LENGTH DATA ELEMENTS--GENERAL INFORMATION
fixed length control field 890206m19899999nyua b 001 0 eng c
010 ## - LIBRARY OF CONGRESS CONTROL NUMBER
LC control number 89000775
020 ## - INTERNATIONAL STANDARD BOOK NUMBER
International Standard Book Number 0443085447 (v. 1)
040 ## - CATALOGING SOURCE
Original cataloging agency DNLM/DLC
Transcribing agency DLC
Modifying agency DLC
041 ## - LANGUAGE CODE
Language code of text/sound track or separate title eng
060 ## - NATIONAL LIBRARY OF MEDICINE CALL NUMBER
Classification number WO 440 P371
080 ## - UNIVERSAL DECIMAL CLASSIFICATION NUMBER
Universal Decimal Classification number 617.96798
082 00 - DEWEY DECIMAL CLASSIFICATION NUMBER
Classification number 617.96798 GRE
Edition number 19
100 ## - Rafti
Rafti 6
101 ## - Shkurtesa
Shkurtesa ANE
245 00 - TITLE STATEMENT
Title Pediatric anesthesia /
Statement of responsibility, etc edited by George A. Gregory.
504 ## - BIBLIOGRAPHY, ETC. NOTE
Bibliography, etc Includes bibliographical references and index.
906 ## - LOCAL DATA ELEMENT F, LDF (RLIN)
a 7
b cbc
c orignew
d 1
e ocip
f 19
g y-gencatlg
942 ## - ADDED ENTRY ELEMENTS (KOHA)
Source of classification or shelving scheme
Item type Books
Holdings
Withdrawn status Lost status Source of classification or shelving scheme Damaged status Not for loan Collection code Permanent location Current location Shelving location Date acquired Total Checkouts Full call number Barcode Date last seen Price effective from Koha item type
          Koleksioni i përgjithshem UBT - Lipjan UBT - Lipjan Koleksioni i përgjithshem 01/30/2018   617.96798 GRE 002-2996732 01/30/2018 01/30/2018 Books
UBT Library © 2015-2024. All rights reserved University Education for Business and Technology